1119 1325 1328 1966 1097 1272 1370 1305 1613 1769 1767 1165 1232 1250 1212 1059 1125 1056 1534 1790 1046 1131 1040 1011 1829 1222 1523 1038 1231 1531 1729 1775 1976 1308 1853 1141 1160 1317 1709 1855 1108 1133 1465 1386 1460 1139 1507 1042 1745 1994 1450 1497 1407 1811 1141 1654 1743 1882 1959 1904 1184 1607 1957 1174 1001 1298 1302 1061 1609 1826 1538 1001 1267 1489 1149 1644 1436 1024 1901 1093 1367 1353 1187 1379 1287 1547 1686 1106 1430 1178 1990 1914 1073 1819 1138 1876 1303 1175 1644 BCNSPRNW ULIB Ver.6.0+V

เปลี่ยนเป็นภาษาไทย

Change to English
 แสดงรายละเอียดบรรณานุกรม
  กลับหน้าหลัก

Brief Record : Get Marc (ISO 2709) : E-mail record : QR code < ปิดหน้าต่าง
LEADER : 00000nam 2200000uu 4500
001    13399122692
003     ULIB
008    130902s2552||||th 000 0 tha d
020    ^a9786167063034
050 04 ^aN5334^bศ721W
100 0  ^aศุภลักษณ์ สนธิชัย
245 10 ^aสุดยอดสิ่งมหัศจรรรย์ของโลก=^bWonder of the world /^cศุภลักษณ์ สนธิชัย
246 31 ^aWonder of the world
250    ^aพิมพ์ครั้งที่ 2
260    ^aกรุงเทพฯ :^bอทิตตา,^c2552
300    ^a277 หน้า ;^bภาพประกอบสี
650  7 ^aสิ่งมหัศจรรย์ ^xหนังสือภาพ
650  7 ^aประวัติศาสตร์ของโลก
945    ^p550^l0^i16622
995    ^aทศพร
999    ^aทศพร เกษรทอง
รายการนี้ยังไม่มีแท็ก
คุณยังไม่ได้ล็อกอิน คุณสามารถมีกิจกรรมร่วมกับเว็บไซต์ได้ แต่ต้องล็อกอินก่อน ::
  ล็อกอิน

รายการสื่อสารสนเทศ

ลำดับที่ ประเภท เลขเรียก/บาร์โค้ด สถานที่ สถานะ
1. การศึกษาทั่วไป
การศึกษาทั่วไป
N5334 ศ721W ฉ.1 
  Barcode: 16622
ห้องสมุดวิทยาเขตนครสวรรค์
►หนังสือทั่วไป:l:General Books
บนชั้น

รายการใกล้เคียง
    ผู้แต่ง [ศุภลักษณ์ สนธิชัย]

    หัวเรื่อง [สิ่งมหัศจรรย์ หนังสือภาพ]
    หัวเรื่อง [ประวัติศาสตร์ของโลก]

BibComment


ยังไม่เคยถูกคอมเมนท์

คอมเมนท์ทรัพยากรรายการนี้
  คอมเมนท์: สุดยอดสิ่งมหัศจร..


 Copyright 2026. Bcnsprnw @Library